Trường Văn hoá nghệ thuật Việt Bắc /

Guardat en:
Dades bibliogràfiques
Autor principal: Nguyễn Đức Lộc.
Format: Article
Idioma:Vietnamese
Etiquetes: Afegir etiqueta
Sense etiquetes, Sigues el primer a etiquetar aquest registre!
Thư viện lưu trữ: Thư viện Trường Đại học Đà Lạt
LEADER 00653nam a2200229 4500
001 DLU090101229
005 ##20091202
040 # # |a DLU  |b vie 
041 # # |a vie 
044 # # |a vn 
100 # # |a Nguyễn Đức Lộc. 
245 # # |a Trường Văn hoá nghệ thuật Việt Bắc /  |c Nguyễn Đức Lộc. 
773 # # |t Văn hoá Nghệ thuật  |g Số 9, 1978, tr. 35-36 
920 # # |a Phòng Tạp chí -- Trung tâm Thông tin - Thư viện Trường Đại học Đà Lạt 
994 # # |a DLU 
900 # # |a True 
911 # # |a Đào Thị Thu Huyền 
925 # # |a G 
926 # # |a A 
927 # # |a BB 
980 # # |a Thư viện Trường Đại học Đà Lạt